Astaire's Dance Partners Quiz Stats

 Plays Quiz not verified by Sporcle

Also try: Kelly or Astaire
Challenge
Share
Tweet
Embed
Score 0/34 Timer 05:00
0 Plays Today
% Correct
Audrey Hepburn
89.9%
Adele Astaire
89.2%
Ginger Rogers
88.9%
Cyd Charisse
87.9%
Leslie Caron
86.5%
Rita Hayworth
85.9%
Eleanor Powell
85.2%
Judy Garland
85.2%
Gene Kelly
83.8%
Vera-Ellen
83.5%
Ann Miller
81.8%
Jane Powell
81.1%
Lucille Bremer
80.8%
Gracie Allen
77.8%
Betty Hutton
76.8%
Bing Crosby
76.1%
Jack Buchanan
76.1%
% Correct
Nanette Fabray
75.8%
Barrie Chase
74.4%
George Burns
74.4%
Joan Leslie
73.1%
Joan Crawford
73.1%
Kay Thompson
72.4%
Marjorie Reynolds
72.1%
Sarah Churchill
70%
Virginia Dale
69.7%
Janis Paige
69.4%
Petula Clark
69.4%
Harriet Hoctor
68.7%
George Murphy
68.7%
Marilyn Miller
68.7%
Joan Caulfield
66.7%
Clare Luce
64.3%
LeRoy Daniels
59.9%

You're not logged in!

Compare scores with friends on all Sporcle quizzes.
Join for Free
OR
Log In

You Might Also Like...

Show Comments

Extras

Top Quizzes Today


Score Distribution

Your Account Isn't Verified!

In order to create a playlist on Sporcle, you need to verify the email address you used during registration. Go to your Sporcle Settings to finish the process.

Report this User

Report this user for behavior that violates our Community Guidelines.

Details: